| 000 | 01535nam a22004097a 4500 | ||
|---|---|---|---|
| 001 | T0000605 | ||
| 003 | KOHA_MİRAKIL | ||
| 005 | 20260207004628.0 | ||
| 007 | ta | ||
| 008 | 210603b2020 tu |||grm|||#0|||0|tur | | ||
| 040 |
_aTR-BiSEU _btur _cTR-BiSEU _erda |
||
| 041 | 0 | _atur | |
| 044 | _ctu | ||
| 050 | 0 | 0 |
_aTez _b605 |
| 100 | 1 | _aErdoğan, Kübra. | |
| 245 | 1 |
_aU87G kanser hücresinde kudret narı (Momordica charantia) özütünün Sparc ve Src-1 protein ekspresyon seviyeleri üzerine etkisinin incelenmesi/ _cKübra Erdoğan ; Kübra Erdoğan; danışman Onur Eroğlu. |
|
| 264 | 1 |
_aBilecik : _bBilecik Şeyh Edebali Üniversitesi _c2020 |
|
| 300 |
_aix, 62 sayfa: resimli; 30 cm. + _e1 CD-ROM |
||
| 336 |
_ametin _btxt _2rdacontent |
||
| 337 |
_aaracısız _bn _2rdamedia |
||
| 338 |
_acilt _bnc _2rdacarrier |
||
| 490 | 0 | _aRef. | |
| 490 | 0 | _aNo: 10349813 | |
| 500 | _aKaynakça var. | ||
| 500 | _aİngilizce Eser Adı: Investigation of the effect of Momordica charantia extract on Sparc and Src-1 protein expression in U87G cancer cell | ||
| 502 | _aTez (Yüksek Lisans) -- Bilecik Şeyh Edebali Üniversitesi Fen Bilimleri Enstitüsü Biyoteknoloji Anabilim Dalı, Bilecik, . | ||
| 650 | 0 |
_aMomordica Charantia. _9124624 |
|
| 650 | 0 |
_aGlioblastoma. _9124625 |
|
| 650 | 0 |
_aMigrasyon. _9124626 |
|
| 650 | 0 |
_aMigration. _9123631 |
|
| 650 | 0 |
_aSparc. _9124627 |
|
| 650 | 0 |
_aSRC-1. _9124628 |
|
| 830 | 0 |
_aRef. _9123605 |
|
| 830 | 0 |
_aNo: 10349813 _9124629 |
|
| 856 | 4 | 0 | _uhttps://hdl.handle.net/11552/1759 |
| 907 | _aYüksek Lisans | ||
| 942 |
_2lcc _cTS |
||
| 999 |
_c66477 _d66477 |
||